Database systems (Record no. 62694)
[ view plain ]
| 000 -LEADER | |
|---|---|
| fixed length control field | 00743nam a2200169 a 4500 |
| 008 - FIXED-LENGTH DATA ELEMENTS--GENERAL INFORMATION | |
| fixed length control field | 120416s2002 ||||||||||||||||| || u |
| 020 ## - INTERNATIONAL STANDARD BOOK NUMBER | |
| International Standard Book Number | 0201708574 |
| 050 ## - LIBRARY OF CONGRESS CALL NUMBER | |
| Classification number | QA 76.9.D26 Con |
| 100 ## - MAIN ENTRY--PERSONAL NAME | |
| Personal name | Connelly, Thomas |
| 245 10 - TITLE STATEMENT | |
| Title | Database systems |
| 246 ## - VARYING FORM OF TITLE | |
| Title proper/short title | a practical approach to design, implementation and management |
| 250 ## - EDITION STATEMENT | |
| Edition statement | 3rd ed. |
| 260 ## - PUBLICATION, DISTRIBUTION, ETC. | |
| Place of publication, distribution, etc. | Essex |
| Name of publisher, distributor, etc. | Pearson Education, Inc |
| Date of publication, distribution, etc. | 2002 |
| 350 ## - PRICE (NR) (BK AM CF MU VM SE) [OBSOLETE] | |
| Price | 0.00 |
| 995 ## - RECOMMENDATION 995 [LOCAL, UNIMARC FRANCE] | |
| -- | 0.00 |
| -- | CBU-MAIN LIBRARY (Kitwe) |
| -- | 2 |
| -- | 48.95 |
| -- | 2 |
| -- | LOST |
| -- | Main Library Open Access Collection |
| 995 ## - RECOMMENDATION 995 [LOCAL, UNIMARC FRANCE] | |
| -- | 0.00 |
| -- | CBU-MAIN LIBRARY (Kitwe) |
| -- | 1 |
| -- | 48.95 |
| -- | 1 |
| -- | AVAILABLE |
| -- | Apr 24, 2006 |
| -- | Main Library Open Access Collection |
| Withdrawn status | Lost status | Source of classification or shelving scheme | Damaged status | Not for loan | Home library | Current library | Shelving location | Date acquired | Total Checkouts | Full call number | Barcode | Date last seen | Price effective from | Koha item type |
|---|---|---|---|---|---|---|---|---|---|---|---|---|---|---|
| CBU-MAIN LIBRARY, KITWE. | CBU-MAIN LIBRARY, KITWE. | 12/15/2022 | QA 76.9.D26 Con | 733453 | 12/15/2022 | 12/15/2022 | MONOGRAPH | |||||||
| CBU-MAIN LIBRARY, KITWE. | CBU-MAIN LIBRARY, KITWE. | 12/15/2022 | QA 76.9.D26 Con | 46590 | 12/15/2022 | 12/15/2022 | MONOGRAPH |